| 000 | 00421nam a2200181Ia 4500 | ||
|---|---|---|---|
| 001 | 23059 | ||
| 005 | 20260414150912.0 | ||
| 008 | 260414t2013||||xx |||||||||||||| ||spa|| | ||
| 041 | _aESP | ||
| 082 |
_a624.1821 _bS36 2013 |
||
| 100 |
_aSegui, William T. _eAUT |
||
| 245 | 0 |
_aSteel design _b |
|
| 260 | _c2013 | ||
| 300 |
_axiii, 752 páginas : _c24 cm. |
||
| 650 | _a0 | ||
| 654 | _aCIC | ||
| 942 |
_cLIB _dJUS _fJUS _2ddc _n |
||
| 999 |
_c23059 _d23059 |
||